Exit/ (Record no. 3511)

MARC details
000 -LEADER
campo de control de longitud fija 01250nam a22003737a 4500
003 - IDENTIFICADOR DE NÚMERO DE CONTROL
campo de control OSt
005 - FECHA Y HORA DE LA ÚLTIMA TRANSACCIÓN
campo de control 20230503091421.0
008 - DATOS DE LONGITUD FIJA--INFORMACIÓN GENERAL
campo de control de longitud fija 221006b |||||||| |||| 00| 0 eng d
040 ## - FUENTE DE CATALOGACIÓN
Centro/agencia transcriptor Biblioteca Lado V
082 ## - NÚMERO DE LA CLASIFICACIÓN DECIMAL DEWEY
Número de clasificación 779.943.4
Número de ítem O48e
100 ## - ENTRADA PRINCIPAL--NOMBRE DE PERSONA
9 (RLIN) 294
Nombre de persona Olivares, Rosa
Término indicativo de función/relación editor
245 ## - MENCIÓN DEL TÍTULO
Título Exit/
260 ## - PUBLICACIÓN, DISTRIBUCIÓN, ETC.
Nombre del editor, distribuidor, etc. Olivares y Asociados S.L.
Lugar de publicación, distribución, etc. España
Fecha de publicación, distribución, etc. 2007
300 ## - DESCRIPCIÓN FÍSICA
Dimensiones 21x26cm
Extensión 198p.
366 ## - INFORMACIÓN SOBRE DISPONIBILIDAD COMERCIAL
Nota spa
490 ## - MENCIÓN DE SERIE
Mención de serie 28
Designación de volumen o secuencia 2007
505 ## - NOTA DE CONTENIDO CON FORMATO
Título Editorial.
505 ## - NOTA DE CONTENIDO CON FORMATO
Título De especimenes a sex-symbols
505 ## - NOTA DE CONTENIDO CON FORMATO
Título Flores explosivas y otras cuestiones
505 ## - NOTA DE CONTENIDO CON FORMATO
Título Teatro Floral
505 ## - NOTA DE CONTENIDO CON FORMATO
Título Flores inmortales?
505 ## - NOTA DE CONTENIDO CON FORMATO
Título Obsesion Botanica
505 ## - NOTA DE CONTENIDO CON FORMATO
Título El lenguaje de las flores
505 ## - NOTA DE CONTENIDO CON FORMATO
Título Bananna Kisses and Frozen Margaritas
505 ## - NOTA DE CONTENIDO CON FORMATO
Título Indice de artistas
650 ## - PUNTO DE ACCESO ADICIONAL DE MATERIA--TÉRMINO DE MATERIA
Fuente del encabezamiento o término Tesauro de Arte & Arquitectura
Término de materia o nombre geográfico como elemento de entrada ARTE
9 (RLIN) 703
650 ## - PUNTO DE ACCESO ADICIONAL DE MATERIA--TÉRMINO DE MATERIA
Fuente del encabezamiento o término Tesauro de Arte & Arquitectura
Término de materia o nombre geográfico como elemento de entrada EXPOSICIONES
650 ## - PUNTO DE ACCESO ADICIONAL DE MATERIA--TÉRMINO DE MATERIA
Fuente del encabezamiento o término Tesauro de Arte & Arquitectura
Término de materia o nombre geográfico como elemento de entrada CULTURA
650 ## - PUNTO DE ACCESO ADICIONAL DE MATERIA--TÉRMINO DE MATERIA
Fuente del encabezamiento o término Tesauro de Arte & Arquitectura
Término de materia o nombre geográfico como elemento de entrada APRECIACION
650 ## - PUNTO DE ACCESO ADICIONAL DE MATERIA--TÉRMINO DE MATERIA
Fuente del encabezamiento o término Tesauro de Arte & Arquitectura
Término de materia o nombre geográfico como elemento de entrada TEORIA
650 ## - PUNTO DE ACCESO ADICIONAL DE MATERIA--TÉRMINO DE MATERIA
Fuente del encabezamiento o término Tesauro de Arte & Arquitectura
Término de materia o nombre geográfico como elemento de entrada LITERATURA
650 ## - PUNTO DE ACCESO ADICIONAL DE MATERIA--TÉRMINO DE MATERIA
Fuente del encabezamiento o término Tesauro de Arte & Arquitectura
Término de materia o nombre geográfico como elemento de entrada ESPAÑA
942 ## - ELEMENTOS DE ENTRADA SECUNDARIOS (KOHA)
Fuente del sistema de clasificación o colocación Clasificación Decimal Dewey
Tipo de ítem Koha Libros
Parte de la signatura que corresponde a la clasificación (Parte de la clasificación) 779.943.4
Parte de la signatura que identifica el ejemplar (Parte del ítem) O48e
Suprimir en OPAC No
Holdings
Estatus retirado Estado de pérdida Fuente del sistema de clasificación o colocación Especificación de materiales (volumen encuadernado u otra parte) Estado de daño No para préstamo Colección Biblioteca de origen Biblioteca actual Fecha de adquisición Enumeración/cronología de publicación seriada Número de inventario Total de préstamos Signatura topográfica completa Código de barras Visto por última vez Precio de reemplazo Tipo de ítem Koha
    Clasificación Decimal Dewey 2007     Revistas Biblioteca LadoV Biblioteca LadoV 03/05/2023 28 003641   779.943.4 O48e 003641 03/05/2023 03/05/2023 Libros